000 00549nam a2200157 i 4500
001 104670
003 ES-MaACL
005 20230906183648.0
007 t|
008 051207s1906 sp ||||1| spa d
100 1 _aMiñana y Villagrasa, Emilio.
_981392
245 1 0 _aLegislación holandesa sobre la quiebra y la suspensión de pagos /
_cEmilio Miñana Villagrasa.
260 _aMadrid :
_b[s.n.],
_c1906.
500 _aTraducción directa del holandés e indicaciones preliminares de Derecho mercantil comparado.
852 _aES-MaACL
_jT-1075-F-6
999 _c104670
_d104670